Dictionnaire de Géographie ancienne et moderne à l’usage du libraire t de l’amateur de livres ... (Registro nro. 299950)

Detalles MARC
000 -ENCABEZADO
Número de control [NR] 01769nam a22002417a 4500
005 - FECHA Y HORA DE LA ÚLTIMA TRANSACCIÓN
control field 20180529114633.0
008 - DE LONGITUD FIJA DE DATOS DE ELEMENTOS - INFORMACIÓN GENERAL
Elementos de longitud fija [NR] 150603n fr ||||frd||| 001 0 fre d
040 0# - FUENTE DE CATALOGACION [NR]
Quien Cataloga Sandra Yazo
Quien Clasifica Sandra Yazo
041 0# - CODIGO DE IDIOMA [R]
Código de idioma para texto/pista de sonido o título separado [R] Francés
082 04 - NUMERO DE CLASIFICACION DECIMAL DEWEY [R]
Número de la edición [NR] 20
Número de clasificación [R] R910.03
092 ## - SIGNATURA TOPOGRAFICA LOCAL
Número de clasificación local E35N050
242 00 - TRADUCCION DEL TITULO POR LA AGENCIA CATALOGADORA [R]
Título [NR] Diccionario de geografía antigua y moderna. Para uso de libreros y bibliófilos
Mención de responsabilidad, etc. [NR] obra de un bibliófilo
Código de idioma del título traducido [NR] spa
245 00 - MENCION DE TITULO [NR]
Título [NR] Dictionnaire de Géographie ancienne et moderne à l’usage du libraire t de l’amateur de livres ...
Mención de responsabilidad, etc. [NR] par un bibliophile
260 ## - PUBLICACION, DISTRIBUCION, ETC. (PIE DE IMPRENTA) [R]
Lugar de publicación, distribución, etc. [R] París (Francia)
Nombre del editor, distribuidor, etc. [R] Dorbon-Ainé [Dorbon, el Mayor]
-- Sur l’imprimé de Firmin-Didot Frères, Fils et Cie. [Impreso por Firmín-Didot, hermanos e Hijos y Compañía]
Fecha de publicación, distribución, etc. [R] [fecha desconocida]
300 ## - DESCRIPCION FISICA [R]
Extensión [R] 1592 columnas
Dimensiones [R] 24 x 15 cm.
500 ## - NOTA GENERAL [R]
Nota general [NR] Detalles físicos: Encuadernación rígida de calidad (holandesa) en cartón duro forrado en papel. Lomo en cuero, nervaduras sobre costuras y adornos en doradas. Guardas simulando papel de agua. Anteportada. Portada impresa en una sola tinta con varios tipos de letra y con la marca del editor. Texto impreso en dos columnas. Ejemplar en buen estado de conservación
505 2# - NOTA DE CONTENIDO CON FORMATO PREESTABLECIDO [R]
Nota de contenido con formato preestablecido [NR] Nombres antiguos (griegos y romanos) de lugares europeos: provincias, ciudades, burgos, abadías, montes, ríos, lagos, con sus correspondientes equivalentes en algunas lenguas modernas ; Investigaciones muy completas sobre la tipografía y el origen de esos nombres ; Suplemento de adiciones y correcciones ; Diccionario francés – latín de estos nombres, a modo de índice
506 ## - NOTA DE RESTRICCIONES DE ACCESO [R]
Condiciones de acceso [NR] Consulta en sala
546 ## - NOTA DE IDIOMA [R]
Nota de idioma [NR] Texto en francés
650 #7 - ASIENTO SECUNDARIO DE MATERIA - TERMINO TEMATICO [R]
9 (RLIN) 38338
Término temático o nombre geográfico como elemento de entrada [NR] Geografía
Subdivisión de forma [R] Diccionarios y enciclopedias
690 ## - ASUNTO AGREGADO LOCAL DE ENTRADA - TÉRMINO TEMÁTICO (OCLC, RLIN)
Acceso temático local Geografía de Europa
9 (RLIN) 26501
942 ## - ELEMENTOS DE ENTRADA AGREGADOS (KOHA)
Sistema de clasificación LOCAL
Tipo de ítem principal el descrito en 300a Libro
Edición 1
Clasificación E35N050
Existencias
Suprimido Perdido Sistema de clasificación Dañado No prestable Tipo de ítem específico Ubicación habitual Ubicación actual Localización Fecha de creación Forma de adquisición Costo Total préstamos Signatura topográfica Código de barras Última vez visto Ejemplar Price effective from Tipo de ítem
    LOCAL     Libro archivo Archivo Histórico Archivo Histórico Archivo histórico 03/06/2015 Donación 0.00   E35N050 L004907 03/06/2015 Ej.1 03/06/2015 Libro